| 000 | 01601nam0a2200373 4500 | ||
|---|---|---|---|
| 001 | RU\NLR\BIBL_A\022030140 | ||
| 005 | 20231114115814.0 | ||
| 010 |
_a978-5-4317-0520-5 _9216 |
||
| 021 |
_aRU _bКН-П-23-051093 _9КН-П-23-5131 |
||
| 035 | _a(NLR Aleph) 022030140 | ||
| 035 | _a(RuMoRGB)012019506 | ||
| 090 |
_a12537613 _c12537613 |
||
| 100 | _a20230919d2023 u y0rusy50 ca | ||
| 101 | 0 | _arus | |
| 102 | _aRU | ||
| 105 | _ach||z|||000zb | ||
| 181 | 0 |
_ai _baxxe |
|
| 182 | 0 | _an | |
| 200 | 1 |
_aГеннадий Матюхин: сростки судьбы _fВладимир Плотников |
|
| 203 |
_aТекст _bвизуальный _cнепосредственный |
||
| 210 |
_aСамара _cИнсома-пресс _d2023 |
||
| 215 |
_a203 с., [12] л. цв. портр. _cпортр., факс. _d21 |
||
| 320 | _aДр. произведения авт. на 4-й с. обл. | ||
| 600 | 1 |
_aМатюхин _bГ. Д. _gГеннадий Дмитриевич _f1946 - 2020 _2nlr_sh2 _3RU\NLR\AUTH\6601730696 |
|
| 606 | 1 |
_aИскусство русское советское _yКуйбышев, город _2nlr_sh1 _2nlr_sh2 _3RU\NLR\AUTH\66557874 |
|
| 675 |
_a792(470.43)(092) _v4 |
||
| 686 | 1 | _aЩ334.3(2Р=Рус)7-86Матюхин | |
| 686 | 1 | _aЩ364.053(2Р)7-86Матюхин | |
| 686 | 1 | _aЩ03(2Р=Рус)7-692Куйбышев | |
| 700 | 1 |
_aПлотников _bВ. И. _f1963- _gВладимир Иванович |
|
| 702 | 1 |
_aМатюхин _bГ. Д. _f1946- _gГеннадий Дмитриевич _4280 |
|
| 942 | _cBOOK | ||
| 980 | _aNB | ||